000 00376nam a2200157Ia 4500
100 _aMc Clanahan/ David
650 _aComputers
942 _cBK
366 _f15
654 _aPower Builder 5 : A Developer's
245 _aPower Builder 5 : A Developer''''s
260 _bB.P.B.Publications
_aNew Delhi
_c1997
082 _a005.7/MCC
300 _a898
546 _aENGLISH
999 _c20151
_d20151